[Event "Dewan Astana Karnival op"]
[Site "Dewan Astana"]
[Date "2015.07.29"]
[Round "1"]
[White "Wee, Yi Le"]
[Black "Boo, Zhan Quan"]
[Result "0-1"]
[WhiteElo "1366"]
[BlackElo "1610"]
[PlyCount "52"]
[EventDate "2015.07.29"]
[EventType "swiss"]
[EventRounds "7"]
[EventCountry "MAS"]
[SourceTitle "EXT 2017"]
[Source "ChessBase"]
[SourceDate "2016.10.25"]
[SourceVersion "1"]
[SourceVersionDate "2016.10.25"]
[SourceQuality "1"]

1. e4 Nf6 2. Nc3 e6 3. d4 d5 4. exd5 exd5 5. Nf3 g6 6. Be2 Bg7 7. 0-0 0-0 8. Bg5 c6 9. Qd2 Qb6 10. Rfb1 Nbd7 11. Bh6 Re8 12. Bxg7 Kxg7 13. Bf1 Ne4 14. Qf4 Ndf6 15. Ne2 Bg4 16. c3 Re7 17. b4 Rae8 18. Rb2 Qc7 19. Ne5 Bxe2 20. Bxe2 Nxc3 21. Kf1 Nxe2 22. Rxe2 Qb6 23. a3 Qa6 24. Raa2 Qa4 25. Rec2 Nd7 26. Nf3 Qb5+ 0-1